Country Shapes Tile Select Quiz - Statistics

General Stats
  • This quiz has been taken 31 times
  • The average score is 38 of 45
Answer Stats
Question Tile Select % Correct
that could balance on their bottom edge Yes
100%
that could balance on their bottom edge No
100%
that could balance on their bottom edge No
96%
that could balance on their bottom edge No
96%
whose outline resembles a letter of the alphabet No
96%
that could balance on their bottom edge No
93%
whose outline resembles a letter of the alphabet No
93%
whose outline resembles a letter of the alphabet No
93%
with roughly symmetrical shapes No
93%
with stair-like borders No
93%
with stair-like borders Yes
93%
with stair-like borders No
93%
with stair-like borders Yes
93%
with stair-like borders No
93%
that are too uneven to stack objects on top No
93%
that are too uneven to stack objects on top No
93%
that are too uneven to stack objects on top No
93%
that could balance on their bottom edge Yes
89%
whose outline resembles a letter of the alphabet No
89%
whose outline resembles a letter of the alphabet Yes
89%
whose outline resembles a letter of the alphabet Yes
89%
with roughly symmetrical shapes No
89%
with stair-like borders No
89%
with stair-like borders No
89%
that are too uneven to stack objects on top Yes
89%
that are too uneven to stack objects on top No
89%
that could balance on their bottom edge No
86%
with roughly symmetrical shapes No
86%
with roughly symmetrical shapes No
86%
that could balance on their bottom edge Yes
82%
with roughly symmetrical shapes Yes
82%
that are too uneven to stack objects on top Yes
82%
that are too uneven to stack objects on top Yes
82%
with roughly symmetrical shapes Yes
79%
with roughly symmetrical shapes No
79%
that are too uneven to stack objects on top Yes
79%
that are too uneven to stack objects on top Yes
75%
with roughly symmetrical shapes Yes
71%
that could balance on their bottom edge Yes
68%
whose outline resembles a letter of the alphabet Yes
64%
with roughly symmetrical shapes Yes
64%
with stair-like borders Yes
64%
with stair-like borders Yes
57%
whose outline resembles a letter of the alphabet Yes
54%
whose outline resembles a letter of the alphabet Yes
43%
No matching quizzes found
Score Distribution
Percent of People with Each Score
Percentile by Number Answered
Your Score History
You have not taken this quiz